Najdroższe transfery piłkarskie w historii - Statystyki

Ogólne statystyki
  • Ten quiz został rozwiązany 78 razy
  • Średni wynik to 11 z 33
Statystyki odpowiedzi
Euro Rok Zespół Piłkarz % Poprawnych
222 m 2017 PSG Neymar
99%
90 m 2023 Al Hilal Neymar
99%
88 m 2013 Barcelona Neymar
99%
117 m 2018 Juventus Cristiano Ronaldo
59%
94 m 2009 Real Madryd Cristiano Ronaldo
59%
135 m 2018 Barcelona Philippe Coutinho
55%
180 m 2018 PSG Kylian Mbappé
52%
135 m 2017 Barcelona Ousmane Dembélé
39%
120.8 m 2019 Real Madryd Eden Hazard
34%
121 m 2023 Chelsea Enzo Fernández
32%
127.2 m 2019 Atlético Madrid João Félix
32%
105 m 2016 Man. United Paul Pogba
32%
116.6 m 2023 Arsenal Declan Rice
28%
101 m 2013 Real Madryd Gareth Bale
28%
95 m 2023 Bayern Monahium Harry Kane
28%
103 m 2023 Real Madryd Jude Bellingham
28%
81.7 m 2014 Barcelona Luis Suárez
28%
120 m 2019 Barcelona Antoine Griezmann
25%
117.5 m 2021 Man. City Jack Grealish
24%
95 m 2022 Man. United Antony
21%
113 m 2021 Chelsea Romelu Lukaku
21%
85 m 2017 Man. United Romelu Lukaku
21%
85 m 2022 Liverpool Darwin Núñez
18%
84.7 m 2018 Liverpool Virgil van Dijk
18%
87 m 2019 Man. United Harry Maguire
17%
116 m 2023 Chelsea Moisés Caicedo
17%
90 m 2016 Juventus Gonzalo Higuain
13%
85 m 2021 Man. United Jadon Sancho
13%
83.5 m 2021 Juventus Dušan Vlahović
11%
86 m 2019 Barcelona Frenkie de Jong
11%
90 m 2023 Man. City Joško Gvardiol
10%
95 m 2023 PSG Randal Kolo Muani
8%
85.5 m 2019 Juventus Matthijs de Ligt
7%
Nie znaleziono quizów pasujących do podanych kryteriów
Rozkład punktacji
Procent ludzi z każdym wynikiem
Percentyl według liczby udzielonych odpowiedzi
Twoja historia wyników
Nie rozwiązałeś tego quizu